[Event "Mazowiec-chT 1314"]
[Site "Poland"]
[Date "2014.02.09"]
[Round "8.15"]
[White "Dabrowska, Aleksandra"]
[Black "Gora, Joanna"]
[Result "1/2-1/2"]
[WhiteElo "1328"]
[BlackElo "1556"]
[PlyCount "127"]
[EventDate "2014.01.12"]
[EventType "team-tourn"]
[EventRounds "10"]
[EventCountry "POL"]
[SourceTitle "EXT 2019"]
[Source "ChessBase"]
[SourceDate "2018.10.10"]
[SourceVersion "1"]
[SourceVersionDate "2018.10.10"]
[SourceQuality "1"]

1. e4 c5 2. Nf3 g6 3. d4 Bg7 4. Nc3 cxd4 5. Nxd4 Nc6 6. Be3 Nf6 7. Bb5 a6 8. Bc4 d6 9. 0-0 0-0 10. Nf3 Bd7 11. Bb3 Rc8 12. Na4 b5 13. Nb6 Rb8 14. Nxd7 Qxd7 15. Qd3 Ng4 16. c3 Nge5 17. Qd1 Nxf3+ 18. Qxf3 Rbc8 19. a3 Na5 20. Ba2 Nc4 21. Rab1 Qc6 22. Rfd1 Nxe3 23. Qxe3 Kh8 24. Bd5 Qc7 25. Re1 e6 26. Ba2 Qc5 27. Qd2 Rfd8 28. Rbd1 Rc7 29. Kh1 Rcd7 30. h3 Bf6 31. Qe3 Bg5 32. Qg3 Qe5 33. Qxe5+ dxe5 34. Rxd7 Rxd7 35. Kg1 Rd2 36. Rb1 Re2 37. f3 Be3+ 38. Kh2 Rc2 39. h4 Rc1 40. a4 bxa4 41. Rxc1 Bxc1 42. b3 axb3 43. Bxb3 a5 44. Kg1 Bd2 45. c4 Be3+ 46. Kf1 Kg8 47. Ke2 Bc5 48. Kd2 f5 49. Kd3 f4 50. Ba4 Kf7 51. Bd7 Ke7 52. Bb5 h6 53. Kc2 Kd6 54. Be8 g5 55. h5 Bb4 56. Kb3 Kc5 57. Bf7 Kd4 58. Bxe6 Ke3 59. Bh3 Kd3 60. Be6 Ke2 61. Ka4 Kf2 62. Bh3 Ke3 63. c5 Bxc5 64. Kxa5 1/2-1/2

[Event "Klementowice Gr-A 1st"]
[Site "Klementowice"]
[Date "2010.08.28"]
[Round "7.16"]
[White "Gora, Joanna"]
[Black "Rozaniecka, Katarzyna"]
[Result "1/2-1/2"]
[WhiteElo "1590"]
[BlackElo "1582"]
[PlyCount "76"]
[EventDate "2010.08.23"]
[EventType "swiss"]
[EventRounds "9"]
[EventCountry "POL"]
[SourceTitle "EXT 2023"]
[Source "ChessBase"]
[SourceDate "2022.10.05"]
[SourceVersion "1"]
[SourceVersionDate "2022.10.05"]
[SourceQuality "1"]

1. e4 c6 2. d4 d5 3. exd5 cxd5 4. Bd3 Nc6 5. c3 h6 6. Nf3 Nf6 7. Bf4 e6 8. 0-0 Bd6 9. Bg3 0-0 10. Ne5 Bc7 11. Nd2 Nxe5 12. Bxe5 Bxe5 13. dxe5 Nd7 14. Re1 Nc5 15. Bc2 b6 16. Nb3 Nd7 17. Qd3 g6 18. Nd4 Re8 19. Nb5 Ba6 20. a4 Bxb5 21. axb5 Qg5 22. Qe3 Qxe3 23. Rxe3 Rec8 24. f4 h5 25. h3 Rc7 26. Ra3 Nc5 27. g4 hxg4 28. hxg4 Nb7 29. Bd1 Na5 30. Ra4 Nc4 31. Re2 Rc5 32. b3 Nxe5 33. fxe5 Rxc3 34. Rc2 Rxb3 35. Be2 Re3 36. Kf2 Rxe5 37. Rc6 Re4 38. Rxe4 dxe4 1/2-1/2

[Event "Klementowice Gr-A 1st"]
[Site "Klementowice"]
[Date "2010.08.24"]
[Round "2.11"]
[White "Gora, Joanna"]
[Black "Lankof, Piotr"]
[Result "1-0"]
[WhiteElo "1590"]
[BlackElo "1486"]
[PlyCount "87"]
[EventDate "2010.08.23"]
[EventType "swiss"]
[EventRounds "9"]
[EventCountry "POL"]
[SourceTitle "EXT 2023"]
[Source "ChessBase"]
[SourceDate "2022.10.05"]
[SourceVersion "1"]
[SourceVersionDate "2022.10.05"]
[SourceQuality "1"]

1. e4 e5 2. Nf3 Nc6 3. Bb5 a6 4. Ba4 Nf6 5. d3 b5 6. Bb3 Bc5 7. 0-0 d6 8. Bg5 h6 9. Be3 Bb6 10. Bxb6 cxb6 11. Nc3 Bg4 12. h3 Bd7 13. Nh2 Rc8 14. f4 Nd4 15. fxe5 dxe5 16. Nd5 Rc6 17. Nxf6+ Rxf6 18. Nf3 Nxb3 19. axb3 Qc8 20. Nxe5 Bxh3 21. Rxf6 gxf6 22. Nxf7 Kxf7 23. Qh5+ Ke7 24. Qxh3 a5 25. Qxc8 Rxc8 26. c3 Rg8 27. Kf2 Ke6 28. Rh1 Rg6 29. Rh5 Rg5 30. Rxh6 b4 31. cxb4 Rb5 32. bxa5 bxa5 33. g4 Kf7 34. Rh5 Rxb3 35. Rxa5 Rxb2+ 36. Kf3 Rb7 37. Rd5 Re7 38. Kf4 Kg6 39. d4 Kf7 40. Rd6 Ra7 41. Kf5 Ra5+ 42. d5 Ra4 43. Rxf6+ Kg7 44. e5 1-0

[Event "Dabrowica op 2nd"]
[Site "Dabrowica"]
[Date "2010.01.10"]
[Round "4"]
[White "Gora, Joanna"]
[Black "Zlotucha, Slawomir"]
[Result "1-0"]
[WhiteElo "1584"]
[BlackElo "1584"]
[PlyCount "47"]
[EventDate "2010.01.08"]
[EventType "swiss"]
[EventRounds "7"]
[EventCountry "POL"]
[SourceTitle "EXT 2011"]
[Source "ChessBase"]
[SourceDate "2010.11.26"]
[SourceVersion "1"]
[SourceVersionDate "2010.11.26"]
[SourceQuality "1"]

1. e4 d5 2. exd5 Qxd5 3. Nc3 Qa5 4. d4 Nf6 5. Bd2 c6 6. Bc4 e6 7. Nd5 Qd8 8. Nxf6+ Qxf6 9. Nf3 Be7 10. Bg5 Qg6 11. Bd3 Qh5 12. g4 Qxg4 13. Rg1 Qh5 14. Be2 f6 15. Ne5 Qh3 16. Bg4 Qxh2 17. Kd2 Qxf2+ 18. Kd3 fxg5 19. Rf1 Qh2 20. Rh1 Qf2 21. Bf3 Rf8 22. Rxh7 Qg3 23. Qh1 Qf4 24. Rf1 1-0

[Event "Warsaw-ch opB 62nd"]
[Site "Warsaw"]
[Date "2009.09.07"]
[Round "8"]
[White "Palka, Dominika"]
[Black "Gora, Joanna"]
[Result "1-0"]
[WhiteElo "1596"]
[BlackElo "1516"]
[PlyCount "79"]
[EventDate "2009.08.31"]
[EventType "swiss"]
[EventRounds "9"]
[EventCountry "POL"]
[SourceTitle "EXT 2011"]
[Source "ChessBase"]
[SourceDate "2010.11.26"]
[SourceVersion "1"]
[SourceVersionDate "2010.11.26"]
[SourceQuality "1"]

1. e4 c5 2. Nf3 g6 3. d4 Bg7 4. Be3 Nc6 5. Nc3 cxd4 6. Nxd4 d6 7. Bc4 Nf6 8. f3 0-0 9. Qd2 Bd7 10. h4 Rc8 11. Bb3 Na5 12. h5 Nxb3 13. axb3 Nxh5 14. g4 Nf6 15. Bh6 Bxh6 16. Qxh6 e6 17. f4 e5 18. Nd5 Re8 19. Nf5 Bxf5 20. gxf5 exf4 21. 0-0-0 Rxe4 22. Nxf6+ Qxf6 23. Qxh7+ Kf8 24. Qh8+ Qxh8 25. Rxh8+ Kg7 26. Rxc8 g5 27. Rxd6 f3 28. Rd1 f2 29. Rc3 g4 30. Kd2 Kf6 31. Rf1 Rf4 32. Ke2 Kxf5 33. Rxf2 Kg5 34. Rxf4 Kxf4 35. Kf2 f5 36. Rc4+ Ke5 37. Kg3 b5 38. Rb4 a6 39. Rf4 a5 40. c4 1-0

[Event "Lublin op"]
[Site "Lublin"]
[Date "2009.06.12"]
[Round "6"]
[White "Chlewinski, Artur"]
[Black "Gora, Joanna"]
[Result "1-0"]
[WhiteElo "1708"]
[BlackElo "1515"]
[PlyCount "45"]
[EventDate "2009.06.08"]
[EventType "swiss"]
[EventRounds "9"]
[EventCountry "POL"]
[SourceTitle "CBM 130 Extra"]
[Source "ChessBase"]
[SourceDate "2009.07.02"]
[SourceVersion "2"]
[SourceVersionDate "2009.07.15"]
[SourceQuality "1"]

1. e4 c5 2. b3 b6 3. Bb2 Bb7 4. d3 e6 5. e5 g6 6. Nd2 Ne7 7. Ne4 Bxe4 8. dxe4 Bg7 9. f4 Nbc6 10. h4 d6 11. h5 0-0 12. Nf3 dxe5 13. Qxd8 Rfxd8 14. hxg6 hxg6 15. f5 exf5 16. exf5 e4 17. f6 Bh8 18. Ng5 Nb4 19. Bc4 Nxc2+ 20. Ke2 Rf8 21. Rh6 Nxa1 22. Rxg6+ Bg7 23. Bxa1 1-0

[Event "Dabrowica Jastkow Memorial op"]
[Site "Dabrowica"]
[Date "2009.01.04"]
[Round "5.3"]
[White "Gora, Joanna"]
[Black "Bajkowski, Marcin"]
[Result "0-1"]
[WhiteElo "1522"]
[BlackElo "1843"]
[PlyCount "44"]
[EventDate "2009.01.02"]
[EventType "swiss"]
[EventRounds "5"]
[EventCountry "POL"]
[SourceTitle "EXT 2023"]
[Source "ChessBase"]
[SourceDate "2022.10.05"]
[SourceVersion "1"]
[SourceVersionDate "2022.10.05"]
[SourceQuality "1"]

1. e4 d5 2. exd5 Nf6 3. b3 Nxd5 4. Bb2 Nc6 5. Nf3 Bg4 6. h3 Bxf3 7. Qxf3 e6 8. Bb5 Qd7 9. Nc3 0-0-0 10. Bxc6 Qxc6 11. 0-0-0 f6 12. Rhe1 Nxc3 13. Qxc6 Nxa2+ 14. Kb1 bxc6 15. Kxa2 e5 16. d4 Bb4 17. c3 Bd6 18. f3 Rhe8 19. c4 Bb4 20. Rf1 exd4 21. Bxd4 Re2+ 22. Kb1 c5 0-1

[Event "POL-ch U16 Girls"]
[Site "Leba"]
[Date "2008.04.01"]
[Round "5"]
[White "Krajewska, Aleksandra"]
[Black "Gora, Joanna"]
[Result "1/2-1/2"]
[WhiteElo "1712"]
[BlackElo "1557"]
[PlyCount "112"]
[EventDate "2008.03.29"]
[EventType "swiss"]
[EventRounds "11"]
[EventCountry "POL"]
[SourceTitle "CBM 123 Extra"]
[Source "ChessBase"]
[SourceDate "2008.05.06"]
[SourceVersion "1"]
[SourceVersionDate "2008.05.06"]
[SourceQuality "1"]

1. e4 c5 2. Nf3 g6 3. d4 Bg7 4. Nc3 Qa5 5. Be3 Nf6 6. Qd2 cxd4 7. Nxd4 Nc6 8. Bc4 Nxd4 9. Qxd4 0-0 10. Bd2 Qc7 11. Bb3 Ng4 12. Qd3 Ne5 13. Qe2 d6 14. Nd5 Qd8 15. h3 Nc6 16. Bc3 Nd4 17. Bxd4 Bxd4 18. 0-0-0 Bg7 19. f4 e5 20. Kb1 exf4 21. Nxf4 Qf6 22. Nd3 b6 23. Rdf1 Qe7 24. h4 Bb7 25. Re1 Rfe8 26. Ba4 Rf8 27. h5 Qg5 28. g4 b5 29. Bb3 a5 30. hxg6 Qxg6 31. g5 Rfe8 32. Ref1 Re7 33. Qg4 Qxe4 34. Qxe4 Bxe4 35. Rh4 d5 36. Nf4 Rd8 37. a3 a4 38. Ba2 Rc7 39. Rf2 Rdc8 40. Rhh2 Be5 41. Nxd5 Bxd5 42. Bxd5 Bxh2 43. Rxh2 Kg7 44. Be4 Rh8 45. Bd3 Rc5 46. Rg2 h6 47. gxh6+ Kxh6 48. Kc1 Rh5 49. Kd2 Rc8 50. Ke2 Rcc5 51. Rg8 f5 52. Kf3 Kh7 53. Rg3 Rd5 54. Ke3 Rh6 55. Rg5 Rh3+ 56. Kf4 Rh4+ 1/2-1/2

[Event "Lublin Region-ch"]
[Site "Lublin"]
[Date "2008.02.09"]
[Round "3.12"]
[White "Praszak, Michal"]
[Black "Gora, Joanna"]
[Result "1-0"]
[WhiteElo "2236"]
[BlackElo "1557"]
[PlyCount "75"]
[EventDate "2008.02.08"]
[EventType "swiss"]
[EventRounds "9"]
[EventCountry "POL"]
[SourceTitle "EXT 2023"]
[Source "ChessBase"]
[SourceDate "2022.10.05"]
[SourceVersion "1"]
[SourceVersionDate "2022.10.05"]
[SourceQuality "1"]

1. d4 Nf6 2. Nf3 e6 3. Bg5 Be7 4. Nc3 h6 5. Bh4 d5 6. e3 c5 7. Bd3 c4 8. Be2 Bd7 9. Ne5 a6 10. 0-0 0-0 11. f4 b5 12. Bf3 Nc6 13. Ne2 Ne8 14. Bxe7 Qxe7 15. g4 f6 16. Ng6 Qb4 17. Nxf8 Kxf8 18. Qc1 Qe7 19. c3 Nc7 20. e4 dxe4 21. Bxe4 f5 22. Bf3 Kg8 23. Qd2 Rf8 24. Rae1 fxg4 25. Bxg4 Qf6 26. Ng3 Ne7 27. Qe2 Ned5 28. Qe5 Qg6 29. Bh5 Qc2 30. Re2 Qa4 31. a3 Qa5 32. f5 exf5 33. Nxf5 Bxf5 34. Rxf5 Rxf5 35. Qxf5 Qb6 36. Bf7+ Kh8 37. Qc8+ Kh7 38. Qg8# 1-0

[Event "Ehrenfeuchts Memorial U18 8th"]
[Site "Warsaw"]
[Date "2007.12.29"]
[Round "7.12"]
[White "Gora, Joanna"]
[Black "Kolinski, Kamil"]
[Result "1/2-1/2"]
[WhiteElo "1553"]
[BlackElo "1510"]
[PlyCount "40"]
[EventDate "2007.12.27"]
[EventType "swiss"]
[EventRounds "9"]
[EventCountry "POL"]
[SourceTitle "EXT 2023"]
[Source "ChessBase"]
[SourceDate "2022.10.05"]
[SourceVersion "1"]
[SourceVersionDate "2022.10.05"]
[SourceQuality "1"]

1. e4 c5 2. Nf3 d6 3. d4 cxd4 4. Nxd4 Nf6 5. Bd3 a6 6. 0-0 e5 7. Nf3 Be6 8. Bg5 Nbd7 9. Nc3 Be7 10. Bxf6 Nxf6 11. Qd2 0-0 12. Ng5 Qc7 13. Kh1 Rfd8 14. Nxe6 fxe6 15. f4 exf4 16. Rxf4 Rac8 17. Rf2 d5 18. h3 d4 19. Ne2 e5 20. Ng3 g6 1/2-1/2